000 00751nam a22002297a 4500
003 UA-OsUOA
001 118713
007 ta
008 20160913b un ||||| |||| 00| 0 ukr d
100 _aСтефанюк І.Б.
700 _aЗавистовська Г.І.
090 _a330(477)
_bС79
942 _cSA
040 _aUA-OsUOA
_bukr
_cUA-OsUOA
_dUA-OsUOA
245 _aКваліметрична оцінка організаційної спроможності урядового фінансового контролю й аудиту
300 _aС.89-106
955 _a0
041 _aukr
080 _a330(477)
773 0 _w118707
_tФінанси України
_dК.
_d2016
_g8
650 7 _a330 Економіка взагалі
_2UDC
999 _c404810
_d404810